Bài tập thực hành Photoimpact /

Kaydedildi:
Detaylı Bibliyografya
Diğer Yazarlar: Hồ Chí Ho (biên soạn.), Hồ Xuân Phương (biên soạn.), Phạm Quang Huy (biên soạn.)
Materyal Türü: Sách giấy
Dil:Vietnamese
Baskı/Yayın Bilgisi: H. : Thống kê, 2001.
Seri Bilgileri:Tủ sách STK
Thế giới đồ hoạ
Konular:
Etiketler: Etiketle
Etiket eklenmemiş, İlk siz ekleyin!
Thư viện lưu trữ: Thư viện Trường Đại học Đà Lạt
LEADER 01036nam a2200373 4500
001 DLU090103070
005 ##20091229
040 # # |a DLU  |b vie 
041 # # |a vie 
044 # # |a vn 
082 # # |a 006.68  |b Bai 
245 # # |a Bài tập thực hành Photoimpact /  |c Phạm Quang Huy, Hồ Chí Hoà, Hồ Xuân Phương biên soạn. 
260 # # |a H. :  |b Thống kê,  |c 2001. 
300 # # |a 431 tr. :  |b minh hoạ ;  |c 21 cm. 
490 # # |a Tủ sách STK 
490 # # |a Thế giới đồ hoạ 
653 # # |a Đồ hoạ máy tính 
653 # # |a Phần mềm Photoimpact 
653 # # |a Thiết kế mỹ thuật 
653 # # |a Xử lý hình ảnh 
700 # # |a Hồ Chí Hoà,  |e biên soạn. 
700 # # |a Hồ Xuân Phương,  |e biên soạn. 
700 # # |a Phạm Quang Huy,  |e biên soạn. 
923 # # |a 15/2009 
991 # # |a GT 
992 # # |a 46000 
994 # # |a DLU 
900 # # |a True 
911 # # |a Đào Thị Thu Huyền 
925 # # |a G 
926 # # |a A 
927 # # |a SH 
980 # # |a Thư viện Trường Đại học Đà Lạt